000 00693cam a22002174a 4500
005 20250605164251.0
008 250528s ||||||||||||||||||||||||d
035 _a21750
020 _a9780071181839
040 _aGR-AtMCL
_bgre
_dGR-AtMCL
_eAACR2
245 1 _aDIGITAL COMMUNICATIONS
250 _a4
260 _bMcgraw Hill,
_c2001
300 _a1002
505 0 _aPROBABILITY AND STOCHASTIC PROCESSES SOURCE CODING CHARACTERIZATION OF COMMUNICATION SIGNALS AND SYSTEMS
520 _aPROBABILITY AND STOCHASTIC PROCESSES SOURCE CODING CHARACTERIZATION OF COMMUNICATION SIGNALS AND SYSTEMS
700 1 _aProakis John G
_95912
942 _cBK
999 _c6809
_d6809